[Event "Guernsey Holiday"]
[Site "Guernsey"]
[Date "2010.10.22"]
[Round "6"]
[White "Brown, Jim"]
[Black "Newrick, William R"]
[Result "0-1"]
[WhiteElo "1312"]
[BlackElo "1384"]
[PlyCount "78"]
[EventDate "2010.10.17"]
[EventType "swiss"]
[EventRounds "7"]
[SourceDate "2010.11.07"]

1. Nf3 d5 2. d4 Nf6 3. e3 e6 4. Be2 c5 5. c3 Nc6 6. Nbd2 cxd4 7. cxd4 Bd6 8.
O-O O-O 9. b3 e5 10. dxe5 Nxe5 11. Nxe5 Bxe5 12. Rb1 Be6 13. e4 dxe4 14. Nc4
Qc7 15. Nxe5 Qxe5 16. Bb2 Qf5 17. Bxf6 Qxf6 18. Qc2 Rac8 19. Qd2 Rfd8 20. Qb2
Qxb2 21. Rxb2 b6 22. h3 f5 23. Kh2 g6 24. Rd1 Rxd1 25. Bxd1 Rc7 26. b4 Kg7 27.
a3 Kf6 28. Rc2 Rxc2 29. Bxc2 Ke5 30. f3 Kd4 31. b5 Kc3 32. Bd1 Bb3 33. Be2 Kd2
34. Bf1 Kc3 35. Kg1 Kb2 36. a4 Ka3 37. f4 Kxa4 38. Kf2 Kb4 39. Ke3 Bc4 0-1

[Event "Guernsey Holiday"]
[Site "Guernsey"]
[Date "2010.10.22"]
[Round "6"]
[White "Bennett, David"]
[Black "Williams, Peter R"]
[Result "1-0"]
[WhiteElo "1352"]
[BlackElo "1160"]
[PlyCount "85"]
[EventDate "2010.10.17"]
[EventType "swiss"]
[EventRounds "7"]
[SourceDate "2010.11.07"]

1. Nf3 d5 2. d4 Nf6 3. Bf4 Bg4 4. Nbd2 e6 5. a3 c5 6. h3 Bh5 7. c3 Nc6 8. e3 c4
9. Be2 Bd6 10. Bxd6 Qxd6 11. O-O O-O 12. Ng5 Bxe2 13. Qxe2 h6 14. Ngf3 Rfe8 15.
e4 dxe4 16. Nxe4 Nxe4 17. Qxe4 Qd5 18. Rfe1 Rad8 19. Qc2 b5 20. Ne5 a5 21. Nxc6
Qxc6 22. Re5 Rd5 23. Rae1 Red8 24. Qe4 R8d6 25. Qf4 Qd7 26. R1e3 Qd8 27. Rg3
Rxe5 28. Qxe5 f6 29. Qxb5 Qc7 30. Qe8+ Kh7 31. Qg6+ Kh8 32. Qc2 Qc6 33. f4 Rd5
34. Qg6 Qd7 35. Qc2 a4 36. Qe2 Qc6 37. Qf3 Qb6 38. Qg4 g5 39. Qh5 Kh7 40. Qf7+
Kh8 41. Qxf6+ Kh7 42. Qf7+ Kh8 43. Qg6 1-0

[Event "Guernsey Holiday"]
[Site "Guernsey"]
[Date "2010.10.23"]
[Round "7"]
[White "Hoogakker, Peter"]
[Black "Sandijck, Pieter"]
[Result "1/2-1/2"]
[WhiteElo "1800"]
[BlackElo "1698"]
[PlyCount "37"]
[EventDate "2010.10.17"]
[EventType "swiss"]
[EventRounds "7"]
[SourceDate "2010.11.07"]

1. e4 c5 2. Nf3 Nc6 3. c3 d6 4. d4 cxd4 5. cxd4 e6 6. Nc3 Nf6 7. Bb5 Bd7 8. O-O
Be7 9. h3 a6 {(=)} 10. Ba4 b5 11. Bc2 Rc8 12. e5 Nd5 13. Nxd5 exd5 14. exd6
Bxd6 15. Re1+ Be7 16. Ng5 g6 17. Qf3 O-O 18. Qxd5 Nb4 19. Qe5 1/2-1/2

[Event "Guernsey Holiday"]
[Site "Guernsey"]
[Date "2010.10.23"]
[Round "7"]
[White "Roberts, Malcolm A"]
[Black "Baart, Edwin"]
[Result "1/2-1/2"]
[WhiteElo "1704"]
[BlackElo "1689"]
[PlyCount "43"]
[EventDate "2010.10.17"]
[EventType "swiss"]
[EventRounds "7"]
[SourceDate "2010.11.07"]

1. e4 e5 2. Nf3 Nc6 3. Nc3 Nf6 4. Bc4 Be7 5. d3 d6 6. h3 O-O 7. a3 Be6 8. Bxe6
fxe6 9. Be3 d5 10. exd5 exd5 11. d4 exd4 12. Nxd4 Nxd4 13. Bxd4 c6 14. O-O Qd7
15. Qd3 a6 16. Rfe1 Rae8 17. Re2 Bd6 18. Rae1 Rxe2 19. Rxe2 Nh5 20. Qe3 Nf4 21.
Re1 Qf7 22. Ne2 1/2-1/2

[Event "Guernsey Holiday"]
[Site "Guernsey"]
[Date "2010.10.23"]
[Round "7"]
[White "Haisma, Henk"]
[Black "Wood, Peter C"]
[Result "1/2-1/2"]
[WhiteElo "1690"]
[BlackElo "1768"]
[PlyCount "29"]
[EventDate "2010.10.17"]
[EventType "swiss"]
[EventRounds "7"]
[SourceDate "2010.11.07"]

1. b4 d5 2. Bb2 Nf6 3. a3 Bf5 4. e3 e6 5. Nf3 Nbd7 6. d3 c5 7. b5 Rc8 8. c4
dxc4 9. dxc4 Be7 10. Be2 O-O 11. O-O Ne4 12. Nfd2 Bf6 13. Qb3 Bxb2 14. Qxb2 Qf6
15. Qxf6 1/2-1/2

[Event "Guernsey Holiday"]
[Site "Guernsey"]
[Date "2010.10.23"]
[Round "7"]
[White "Kearsley, Raymond J"]
[Black "Vonhoff, Nils"]
[Result "1/2-1/2"]
[WhiteElo "1688"]
[BlackElo "1637"]
[PlyCount "86"]
[EventDate "2010.10.17"]
[EventType "swiss"]
[EventRounds "7"]
[SourceDate "2010.11.07"]

1. e4 c5 2. Nc3 Nc6 3. f4 e6 4. Nf3 a6 5. g3 d5 6. exd5 exd5 7. Bg2 Nf6 8. O-O
Be7 9. d3 O-O 10. Ne5 Qd6 11. a4 Nxe5 12. fxe5 Qxe5 13. Re1 Qd6 14. Bf4 Qd8 15.
Qf3 Bg4 16. Qf2 Re8 17. Be5 Be6 18. Bxf6 gxf6 19. Ne2 Rc8 20. Nf4 Qd7 21. Nh5
Qd8 22. Qf4 Kh8 23. Qh6 Rg8 24. Nf4 Qd7 25. Re3 d4 26. Re2 Bg4 27. Ree1 Be6 28.
Kf2 Rce8 29. h4 Bd8 30. Be4 f5 31. Bf3 a5 32. Bh5 Re7 33. Qf6+ Rg7 34. Qe5 b6
35. Re2 Bc7 36. Qf6 Bxf4 37. gxf4 Re8 38. Rae1 Qd5 39. Rg1 Reg8 40. Rxg7 Rxg7
41. Bf3 Qd7 42. h5 Kg8 43. Re5 h6 1/2-1/2

[Event "Guernsey Holiday"]
[Site "Guernsey"]
[Date "2010.10.23"]
[Round "7"]
[White "Beadle, John"]
[Black "Kershaw, Graham J"]
[Result "1/2-1/2"]
[WhiteElo "1648"]
[BlackElo "1664"]
[PlyCount "96"]
[EventDate "2010.10.17"]
[EventType "swiss"]
[EventRounds "7"]
[SourceDate "2010.11.07"]

1. e4 e6 2. Nf3 d5 3. exd5 exd5 4. d4 Bg4 5. Be2 Nf6 6. Bg5 Bd6 7. O-O O-O 8.
c3 Nbd7 9. Nbd2 c6 10. h3 Bh5 11. Re1 Qc7 12. Nh4 Bxe2 13. Rxe2 Rfe8 14. Ndf3
Rxe2 15. Qxe2 Re8 16. Qd2 Ne4 17. Qc2 Bf4 18. Re1 h6 19. Bxf4 Qxf4 20. g3 Qf6
21. Nh2 Qd8 22. N4f3 Ndf6 23. Kg2 Qc8 24. Qc1 Re6 25. h4 Nh5 26. Ne5 f5 27.
Nhf3 c5 28. Nd3 c4 29. Nf4 Nxf4+ 30. Qxf4 Rg6 31. Ne5 Rf6 32. h5 b5 33. Ng6 Qd8
34. f3 Ng5 35. Re7 Rxg6 36. Qe5 Re6 37. Rxe6 Nxe6 38. Qxe6+ Kh8 39. Qxf5 Qe7
40. Qe5 Qf7 41. Kf2 Qd7 42. Qb8+ Kh7 43. g4 a5 44. Qf8 g6 45. hxg6+ Kxg6 46.
Qg8+ Kf6 47. Qh8+ Kg6 48. Qe5 b4 1/2-1/2

[Event "Guernsey Holiday"]
[Site "Guernsey"]
[Date "2010.10.23"]
[Round "7"]
[White "Van Hoek, Wim"]
[Black "Vonhoff, Joerg"]
[Result "1-0"]
[WhiteElo "1783"]
[BlackElo "1613"]
[PlyCount "71"]
[EventDate "2010.10.17"]
[EventType "swiss"]
[EventRounds "7"]
[SourceDate "2010.11.07"]

1. e4 c5 2. Nf3 d6 3. c3 Nf6 4. Be2 Bd7 5. e5 dxe5 6. Nxe5 Nc6 7. Nxd7 Qxd7 8.
d3 g6 9. O-O Rd8 10. Be3 b6 11. Qa4 Ne5 12. Qxd7+ Nexd7 13. d4 Nd5 14. Na3 Nxe3
15. fxe3 Bh6 16. Rf3 O-O 17. e4 cxd4 18. cxd4 Rc8 19. e5 Rc1+ 20. Rxc1 Bxc1 21.
Rb3 Rc8 22. Kf2 Nf8 23. Bg4 Rc7 24. Ke2 f5 25. Bf3 Kg7 26. d5 Nd7 27. Nb5 Rc4
28. d6 exd6 29. e6 Nf6 30. Nxd6 Rd4 31. Rd3 Bxb2 32. e7 Rxd6 33. Rxd6 Ne8 34.
Rd7 Kf6 35. Rxa7 Bd4 36. Bc6 1-0

[Event "Guernsey Holiday"]
[Site "Guernsey"]
[Date "2010.10.23"]
[Round "7"]
[White "Curry, William"]
[Black "Glover, John"]
[Result "0-1"]
[WhiteElo "1480"]
[BlackElo "1760"]
[PlyCount "152"]
[EventDate "2010.10.17"]
[EventType "swiss"]
[EventRounds "7"]
[SourceDate "2010.11.07"]

1. d4 Nf6 2. c4 c5 3. e3 e6 4. Nc3 d5 5. Nf3 Be7 6. Be2 O-O 7. O-O Nbd7 8. Re1
a6 9. b3 Qc7 10. Bd3 dxc4 11. bxc4 cxd4 12. exd4 Re8 13. Bb2 Nf8 14. a3 Bd7 15.
Rc1 Rad8 16. Rc2 Bc6 17. Ne5 Bd6 18. Rd2 Ng6 19. Qe2 Nf4 20. Qd1 Nxd3 21. Rxd3
b6 22. Nxc6 Qxc6 23. h3 Qxc4 24. Ne2 Qc7 25. Rc3 Qb7 26. Rd3 Bb8 27. Ng3 Rd5
28. Ne4 Qe7 29. Qb3 Nxe4 30. Rxe4 Qd6 31. Re5 Rd8 32. Rde3 h6 33. g3 b5 34.
Rxd5 Qxd5 35. Qxd5 Rxd5 36. Rc3 Ba7 37. Rd3 e5 38. Kf1 exd4 39. Ke2 Bb6 40. g4
f6 41. Kf3 Kf7 42. Ke4 Ke6 43. f4 g6 44. Rd1 f5+ 45. gxf5+ gxf5+ 46. Kd3 Kf6
47. Rc1 Rd6 48. h4 Kg6 49. Rh1 Kh5 50. Bc1 Re6 51. Bd2 Bc5 52. Bc1 Re4 53. Rg1
Bd6 54. Rf1 a5 55. Bb2 b4 56. axb4 axb4 57. Bxd4 Rxf4 58. Re1 Rf3+ 59. Kc2 Bf4
60. Bf6 Bg3 61. Ra1 f4 62. Rd1 b3+ 63. Kb2 Kg4 64. Bg7 h5 65. Rd6 Bxh4 66. Bh6
Bg3 67. Rg6+ Kh3 68. Rg5 h4 69. Rh5 Kg2 70. Rd5 h3 71. Rd2+ Rf2 72. Rxf2+ Kxf2
73. Kxb3 h2 74. Bf8 h1=Q 75. Kc2 Qc6+ 76. Kd2 Qd7+ 0-1

[Event "Guernsey Holiday"]
[Site "Guernsey"]
[Date "2010.10.23"]
[Round "7"]
[White "Norman, Dinah M"]
[Black "Goman, Colin R"]
[Result "1/2-1/2"]
[WhiteElo "1712"]
[BlackElo "1518"]
[PlyCount "40"]
[EventDate "2010.10.17"]
[EventType "swiss"]
[EventRounds "7"]
[SourceDate "2010.11.07"]

1. Nf3 Nf6 2. d4 d5 3. e3 c6 4. c4 Bf5 5. Qb3 Qc7 6. Nc3 e6 7. Bd2 Be7 8. Rc1
Qb6 9. Be2 Qxb3 10. axb3 Nbd7 11. h3 Ne4 12. Nxe4 Bxe4 13. O-O O-O 14. Ne1 Bg6
15. Bd3 f5 16. Nf3 Bh5 17. Bc3 Bxf3 18. gxf3 g5 19. Kg2 Rf7 20. Rh1 Raf8
1/2-1/2

[Event "Guernsey Holiday"]
[Site "Guernsey"]
[Date "2010.10.23"]
[Round "7"]
[White "De Silver, Arthur F"]
[Black "Onwezen, Eric"]
[Result "1/2-1/2"]
[WhiteElo "1592"]
[BlackElo "1673"]
[PlyCount "57"]
[EventDate "2010.10.17"]
[EventType "swiss"]
[EventRounds "7"]
[SourceDate "2010.11.07"]

1. e4 e5 2. Bc4 Nc6 3. Nc3 Nf6 4. d3 Be7 5. f4 d6 6. Nf3 Bg4 7. h3 Bxf3 8. Qxf3
Na5 9. Bb3 Nxb3 10. axb3 Qd7 11. O-O Qc6 12. f5 a6 13. Qe2 b5 14. Nd1 a5 15. c4
bxc4 16. bxc4 O-O 17. Nc3 Rfb8 18. Nd5 Nxd5 19. cxd5 Qb6+ 20. Kh1 c5 21. Rb1
Qb3 22. Bd2 a4 23. Bc3 a3 24. Qd2 a2 25. Ra1 Ra4 26. Rfc1 h6 27. Qd1 Bg5 28.
Qxb3 Rxb3 29. Re1 1/2-1/2

[Event "Guernsey Holiday"]
[Site "Guernsey"]
[Date "2010.10.23"]
[Round "7"]
[White "Finch, Russell"]
[Black "Collins, Alan"]
[Result "1/2-1/2"]
[WhiteElo "1656"]
[BlackElo "1600"]
[PlyCount "32"]
[EventDate "2010.10.17"]
[EventType "swiss"]
[EventRounds "7"]
[SourceDate "2010.11.07"]

1. d4 f5 2. Nc3 Nf6 3. Bg5 d5 4. Bxf6 exf6 5. e3 c6 6. Bd3 Bd6 7. Qf3 g6 8. h4
h5 9. Nge2 Be6 10. O-O-O Nd7 11. g3 Qe7 12. Nf4 Bf7 13. Nce2 O-O-O 14. Kb1 Kb8
15. Rc1 Nb6 16. Nc3 Bb4 1/2-1/2

[Event "Guernsey Holiday"]
[Site "Guernsey"]
[Date "2010.10.23"]
[Round "7"]
[White "Timmerman, Peter"]
[Black "Kirk, Matthew"]
[Result "1-0"]
[WhiteElo "1606"]
[BlackElo "1591"]
[PlyCount "157"]
[EventDate "2010.10.17"]
[EventType "swiss"]
[EventRounds "7"]
[SourceDate "2010.11.07"]

1. e4 c6 2. d4 d5 3. Nc3 dxe4 4. Nxe4 Bf5 5. Ng3 Bg6 6. Nf3 Nd7 7. h4 h6 8. h5
Bh7 9. Bd3 Bxd3 10. Qxd3 Ngf6 11. Bf4 e6 12. O-O-O Nd5 13. Ne2 Nxf4 14. Nxf4
Qf6 15. Qe4 Be7 16. Kb1 O-O-O 17. Nd3 Bd6 18. Qe1 Rhe8 19. Qa5 Kb8 20. Rhe1 Bc7
21. Qb4 Qf5 22. Nfe5 Bxe5 23. dxe5 Nxe5 24. Nc5 b6 25. f4 Ng4 26. Nd7+ Kb7 27.
Rd6 Nf6 28. Red1 Kc7 29. Ne5 Qe4 30. Qd2 Nd5 31. Rxc6+ Kb7 32. Kc1 f6 33. Rc4
Qe3 34. Nf3 Qxd2+ 35. Rxd2 e5 36. fxe5 fxe5 37. Re4 Nf6 38. Rxd8 Rxd8 39. Rxe5
Rd7 40. Nd2 Ng4 41. Re4 Nf6 42. Re5 Ng4 43. Rf5 Re7 44. Nf3 Ne3 45. Re5 Rxe5
46. Nxe5 Nxg2 47. Ng6 Ne3 48. Kd2 Nf5 49. Kd3 Kc6 50. Nf4 Kd6 51. Ke4 Ng3+ 52.
Kf3 Nf5 53. c3 Ke5 54. Nd3+ Kf6 55. Kf4 g5+ 56. hxg6 Kxg6 57. Ne5+ Kf6 58. Ng4+
Ke6 59. Ne5 h5 60. Nf3 Kf6 61. c4 h4 62. b3 Ke6 63. Kg4 Kf6 64. Nxh4 Nxh4 65.
Kxh4 Ke5 66. Kg4 Kd4 67. Kf4 Kc3 68. Ke4 Kb2 69. b4 Kxa2 70. c5 bxc5 71. bxc5
a5 72. c6 a4 73. c7 a3 74. c8=Q Kb2 75. Qb7+ Kc2 76. Qd5 Kb2 77. Qd2+ Kb3 78.
Qc1 a2 79. Kd3 1-0

[Event "Guernsey Holiday"]
[Site "Guernsey"]
[Date "2010.10.23"]
[Round "7"]
[White "Welch, Hazel"]
[Black "Brooker, Chris H"]
[Result "1-0"]
[WhiteElo "1520"]
[BlackElo "1776"]
[PlyCount "101"]
[EventDate "2010.10.17"]
[EventType "swiss"]
[EventRounds "7"]
[SourceDate "2010.11.07"]

1. d4 f5 2. Nf3 b6 3. g3 Bb7 4. Bg2 Nf6 5. O-O e6 6. c4 Be7 7. Nc3 Ne4 8. e3
Nxc3 9. bxc3 O-O 10. Qb3 Nc6 11. a4 Na5 12. Qa2 Qe8 13. Rd1 d6 14. Rb1 Qh5 15.
d5 e5 16. Ba3 Ba6 17. Nd2 Rf6 18. Bb4 Nb7 19. Nf1 Nd8 20. a5 Bb7 21. Qb3 f4 22.
exf4 exf4 23. Qc2 Rh6 24. Qe4 Ne6 25. a6 Ng5 26. Qxe7 Bxa6 27. Qxc7 fxg3 28.
fxg3 Nh3+ 29. Bxh3 Qxh3 30. Bxd6 Rc8 31. Qe7 Bxc4 32. Rb2 Rf6 33. Bf4 Rcf8 34.
Qe4 Bxf1 35. Rxf1 g5 36. Rg2 Qd7 37. c4 Qd6 38. Rff2 gxf4 39. gxf4+ Rg6 40.
Qe6+ Qxe6 41. dxe6 Rff6 42. f5 Rxg2+ 43. Kxg2 Kf8 44. Kg3 Ke7 45. Kg4 Rf8 46.
Rd2 Rd8 47. f6+ Kxf6 48. Rxd8 Kxe6 49. Kg5 Ke7 50. Rd2 a5 51. Kh6 1-0

[Event "Guernsey Holiday"]
[Site "Guernsey"]
[Date "2010.10.23"]
[Round "7"]
[White "Harnden, Terry"]
[Black "Ruigrok, Jacques"]
[Result "1/2-1/2"]
[WhiteElo "1411"]
[BlackElo "1752"]
[PlyCount "65"]
[EventDate "2010.10.17"]
[EventType "swiss"]
[EventRounds "7"]
[SourceDate "2010.11.07"]

1. e4 e5 2. Nf3 Nc6 3. Bb5 Nf6 4. Nc3 d6 5. O-O a6 6. Bxc6+ bxc6 7. d4 Qe7 8.
Re1 Bg4 9. Bg5 h6 10. Be3 g6 11. d5 c5 12. h3 Bd7 13. Bd2 Bg7 14. Re3 O-O 15.
Ne2 Nh5 16. c4 f5 17. exf5 gxf5 18. Rb3 Ba4 19. Nc1 Bxb3 20. Nxb3 f4 21. Nh2
Nf6 22. Qe2 Qf7 23. Rf1 Qg6 24. f3 Nh5 25. Qe4 Qxe4 26. fxe4 Ng3 27. Re1 Kh7
28. Nf3 Rab8 29. Bc3 Nh5 30. Na5 Nf6 31. Nc6 Rbe8 32. Ba5 Rc8 33. Ne7 1/2-1/2

[Event "Guernsey Holiday"]
[Site "Guernsey"]
[Date "2010.10.23"]
[Round "7"]
[White "Cox, Marian"]
[Black "Kok, Franciscus"]
[Result "0-1"]
[WhiteElo "1416"]
[BlackElo "1666"]
[PlyCount "115"]
[EventDate "2010.10.17"]
[EventType "swiss"]
[EventRounds "7"]
[SourceDate "2010.11.07"]

1. e4 c5 2. Nf3 Nc6 3. Bc4 e6 4. a3 a6 5. Nc3 b5 6. Ba2 d6 7. d3 Be7 8. O-O Nf6
9. Be3 O-O 10. Qd2 d5 11. exd5 exd5 12. d4 c4 13. b4 Qb6 14. Ne5 Be6 15. Nxc6
Qxc6 16. f3 a5 17. Ne2 axb4 18. axb4 Ra4 19. c3 Rfa8 20. Rfb1 Bf5 21. Rb2 Nd7
22. g4 Bg6 23. Nf4 h6 24. Nxg6 Qxg6 25. Kg2 Qc6 26. Re1 g5 27. Bb1 Kg7 28. f4
gxf4 29. Bxf4 Bd8 30. Bf5 Nf8 31. Be5+ Bf6 32. Bf4 Bd8 33. Kg3 Bc7 34. h4 Bxf4+
35. Qxf4 Ra3 36. Rc2 Ng6 37. Bxg6 Qxg6 38. Qe5+ Kg8 39. Qf5 Qd6+ 40. Qe5 Qxb4
41. Re3 Qa4 42. Rc1 b4 43. Qxd5 b3 44. Qb7 Qa7 45. Qxa7 R8xa7 46. Re2 Ra1 47.
Ree1 Rxc1 48. Rxc1 Ra2 49. Kf4 Rc2 50. Rb1 Rxc3 51. Ke4 Rc2 52. d5 b2 53. Kd4
c3 54. Kd3 Rc1 55. d6 Rxb1 56. Kxc3 Rd1 57. Kxb2 Rxd6 58. Kc3 0-1

[Event "Guernsey Holiday"]
[Site "Guernsey"]
[Date "2010.10.23"]
[Round "7"]
[White "Jongerius, Marc"]
[Black "Le Maitre, Richard"]
[Result "1-0"]
[WhiteElo "1625"]
[BlackElo "1440"]
[PlyCount "61"]
[EventDate "2010.10.17"]
[EventType "swiss"]
[EventRounds "7"]
[SourceDate "2010.11.07"]

1. e4 c5 2. Nf3 d6 3. c3 Nf6 4. Be2 g6 5. Qc2 Bg7 6. d4 cxd4 7. cxd4 O-O 8. O-O
a6 9. Nc3 Nbd7 10. b3 b6 11. Bb2 Bb7 12. Rac1 Rc8 13. Qd3 Re8 14. Rc2 Rc7 15.
d5 Nc5 16. Qe3 Ng4 17. Qf4 Ne5 18. Qe3 Ncd7 19. Nd4 Nb8 20. Rfc1 Qd7 21. Na4
Rxc2 22. Rxc2 Ng4 23. Bxg4 Qxg4 24. f3 Qh4 25. g3 Qh5 26. Nxb6 Bh6 27. Qe2 Bg7
28. Rc7 Qg5 29. Rxb7 Bxd4+ 30. Bxd4 Qc1+ 31. Kg2 1-0

[Event "Guernsey Holiday"]
[Site "Guernsey"]
[Date "2010.10.23"]
[Round "7"]
[White "Herschmann, Heinz"]
[Black "Van Rooijen, Gerardus C"]
[Result "1/2-1/2"]
[WhiteElo "1480"]
[BlackElo "1496"]
[PlyCount "43"]
[EventDate "2010.10.17"]
[EventType "swiss"]
[EventRounds "7"]
[SourceDate "2010.11.07"]

1. e4 c5 2. Nf3 d6 3. Nc3 e6 4. d3 Nc6 5. a3 Be7 6. Be2 Nf6 7. O-O O-O 8. h3 a6
9. Bf4 Nd7 10. Re1 b5 11. Na2 Nb6 12. Rb1 Bb7 13. b3 Rc8 14. c4 b4 15. a4 a5
16. Bf1 Bf6 17. Qd2 Nd4 18. Nxd4 Bxd4 19. Be3 Qf6 20. Bxd4 Qxd4 21. Qe3 Qxe3
22. Rxe3 1/2-1/2

[Event "Guernsey Holiday"]
[Site "Guernsey"]
[Date "2010.10.23"]
[Round "7"]
[White "Ryan, Robert"]
[Black "Rowe, Oliver"]
[Result "0-1"]
[WhiteElo "1512"]
[BlackElo "1506"]
[PlyCount "38"]
[EventDate "2010.10.17"]
[EventType "swiss"]
[EventRounds "7"]
[SourceDate "2010.11.07"]

1. Nf3 d5 2. d4 Nf6 3. b3 Bf5 4. e3 e6 5. Bd3 Ne4 6. O-O Bd6 7. Bb2 g5 8. c4 g4
9. c5 gxf3 10. cxd6 fxg2 11. Re1 Qh4 12. Re2 Bg4 13. Bxe4 dxe4 14. dxc7 Nc6 15.
d5 Bxe2 16. Qxe2 Rg8 17. dxc6 Qxh2+ 18. Kxh2 g1=Q+ 19. Kh3 Qh1# 0-1

[Event "Guernsey Holiday"]
[Site "Guernsey"]
[Date "2010.10.23"]
[Round "7"]
[White "Foster, Paul"]
[Black "Cox, Reginald E"]
[Result "1-0"]
[WhiteElo "1568"]
[BlackElo "1304"]
[PlyCount "113"]
[EventDate "2010.10.17"]
[EventType "swiss"]
[EventRounds "7"]
[SourceDate "2010.11.07"]

1. e4 c5 2. f4 Nc6 3. Nf3 d6 4. Bc4 e6 5. O-O Nf6 6. Nc3 Be7 7. d4 Nxe4 8. Nxe4
d5 9. Bxd5 exd5 10. Nxc5 O-O 11. Nd3 Bg4 12. Nde5 Nxe5 13. fxe5 f6 14. h3 Bxf3
15. Rxf3 fxe5 16. dxe5 Bc5+ 17. Kh2 d4 18. Rxf8+ Qxf8 19. Qf3 b6 20. Bf4 Rd8
21. Rd1 Kh8 22. a3 a5 23. Bg3 Qe8 24. Rf1 Qd7 25. Bh4 Re8 26. Qe4 Kg8 27. g4
Rxe5 28. Qd3 Re3 29. Qc4+ Kh8 30. Bg3 Qe8 31. Rf2 d3 32. Rg2 Rxg3 33. Kxg3 Bd6+
34. Kf3 Qf8+ 35. Ke3 Bc5+ 36. Kd2 dxc2 37. Kxc2 Qf3 38. Qe2 Qc6 39. Kb1 Qg6+
40. Qc2 Qe6 41. Re2 Qd7 42. Qc4 h6 43. Qe6 Qxe6 44. Rxe6 Kh7 45. a4 Bd4 46. Kc2
Kg8 47. b3 Kf7 48. Rc6 Bf2 49. Kd3 Ke7 50. Kc4 Kd7 51. Rg6 Ke7 52. Rxg7+ Kf6
53. Rg8 Kf7 54. Rb8 Be3 55. Kb5 Ke7 56. Rxb6 Bxb6 57. Kxb6 1-0

[Event "Guernsey Holiday"]
[Site "Guernsey"]
[Date "2010.10.23"]
[Round "7"]
[White "Newrick, William R"]
[Black "Bateman, Kerry"]
[Result "0-1"]
[WhiteElo "1384"]
[BlackElo "1490"]
[PlyCount "46"]
[EventDate "2010.10.17"]
[EventType "swiss"]
[EventRounds "7"]
[SourceDate "2010.11.07"]

1. d4 Nf6 2. c4 c5 3. d5 e6 4. Nc3 exd5 5. cxd5 d6 6. e4 a6 7. Nge2 g6 8. Ng3
Bg7 9. Be2 O-O 10. O-O b5 11. a3 Re8 12. Bf3 Nbd7 13. Bf4 Ne5 14. Bxe5 Rxe5 15.
Qc2 Bg4 16. Bxg4 Nxg4 17. f4 Ne3 18. Qe2 Nxf1 19. fxe5 Nxg3 20. hxg3 Bxe5 21.
Qf3 Qg5 22. Rf1 Bd4+ 23. Kh1 Qh6+ 0-1

[Event "Guernsey Holiday"]
[Site "Guernsey"]
[Date "2010.10.23"]
[Round "7"]
[White "Bakkes, Frits"]
[Black "Jones, Sid A"]
[Result "1-0"]
[WhiteElo "1565"]
[BlackElo "1416"]
[PlyCount "51"]
[EventDate "2010.10.17"]
[EventType "swiss"]
[EventRounds "7"]
[SourceDate "2010.11.07"]

1. d4 d5 2. Nc3 Nf6 3. e4 dxe4 4. f3 e6 5. fxe4 Be7 6. Bf4 O-O 7. Bd3 a6 8. h3
Nbd7 9. g4 e5 10. dxe5 Ne8 11. Nce2 Bh4+ 12. Ng3 Bxg3+ 13. Bxg3 Qe7 14. Nf3 Qc5
15. Qd2 Nb6 16. O-O-O Be6 17. Bh4 f6 18. exf6 Nxf6 19. e5 Nxg4 20. Ng5 Bf5 21.
Bxf5 Rxf5 22. hxg4 Rxe5 23. Nxh7 Qe3 24. Qxe3 Rxe3 25. Rd8+ Rxd8 26. Bxd8 1-0

[Event "Guernsey Holiday"]
[Site "Guernsey"]
[Date "2010.10.23"]
[Round "7"]
[White "Kaye, Michael J"]
[Black "Bennett, David"]
[Result "1/2-1/2"]
[WhiteElo "1456"]
[BlackElo "1352"]
[PlyCount "63"]
[EventDate "2010.10.17"]
[EventType "swiss"]
[EventRounds "7"]
[SourceDate "2010.11.07"]

1. d4 Nf6 2. b3 e6 3. Bb2 d5 4. e3 Bb4+ 5. c3 Be7 6. Bd3 Nbd7 7. Nf3 O-O 8.
Nbd2 c5 9. O-O a6 10. Ne5 Qc7 11. f4 b5 12. Rc1 c4 13. Bb1 a5 14. Rf3 a4 15. b4
a3 16. Ba1 Bb7 17. Rh3 g6 18. Qf3 Nxe5 19. fxe5 Nh5 20. Qg4 Bd8 21. Rxh5 f5 22.
exf6 Rxf6 23. Rh3 Bc8 24. Qe2 e5 25. Rg3 e4 26. Rf1 Raa6 27. Bc2 Qg7 28. Bxe4
dxe4 29. Nxe4 Rxf1+ 30. Qxf1 Bh4 31. Rf3 Bb7 32. Nc5 1/2-1/2

[Event "Guernsey Holiday"]
[Site "Guernsey"]
[Date "2010.10.23"]
[Round "7"]
[White "Williams, Peter R"]
[Black "Brown, Jim"]
[Result "1/2-1/2"]
[WhiteElo "1160"]
[BlackElo "1312"]
[PlyCount "37"]
[EventDate "2010.10.17"]
[EventType "swiss"]
[EventRounds "7"]
[SourceDate "2010.11.07"]

1. d4 c6 2. Nf3 d6 3. g3 Nd7 4. Bg2 e6 5. c4 Be7 6. Nc3 Ngf6 7. O-O O-O 8. e4
e5 9. d5 c5 10. Ne1 h6 11. f4 b6 12. f5 Nh7 13. Nf3 Ng5 14. Bd2 Bf6 15. Re1 a5
16. Qa4 Bb7 17. Qd1 b5 18. cxb5 Nb6 19. Qe2 1/2-1/2